[Event "Dortmund SuperGM 38th"]
[Site "Dortmund"]
[Date "2010.07.19"]
[Round "5"]
[White "Leko, Peter"]
[Black "Le, Quang Liem"]
[Result "0-1"]
[WhiteElo "2734"]
[BlackElo "2681"]
[Annotator "Postny,E"]
[PlyCount "118"]
[EventDate "2010.07.15"]
[EventType "tourn"]
[EventRounds "10"]
[EventCountry "GER"]
[EventCategory "20"]
[SourceTitle "CBM 138"]
[Source "ChessBase"]
[SourceDate "2010.09.17"]
[SourceVersion "1"]
[SourceVersionDate "2010.09.17"]
[SourceQuality "1"]

1. e4 c6 2. d4 d5 3. e5 Bf5 4. Nf3 e6 5. Be2 c5 6. Be3 cxd4 7. Nxd4 Ne7 {
This line has become very popular recently in tournaments at the highest level.
} 8. c4 {The most aggressive move. White is trying to open up the centre,
before Black comfortably completes his development.} Nbc6 9. Qa4 a6 {This move
is necessary to cover the b5-square against a knight move.} 10. Na3 {More
common is 10.Nc3. However, Leko certainly paid attention to the following
recent game where the young Vietnamese star equalised easily.} (10. Nc3 dxc4
11. O-O-O Qa5 12. Qxa5 Nxa5 13. Nxf5 Nxf5 14. Bb6 Nc6 15. f4 Rc8 16. Bxc4 g5
17. g4 Nh4 18. f5 Nxe5 19. Bb3 Bc5 20. Bxc5 Rxc5 21. fxe6 fxe6 22. Bxe6 Ke7 23.
Bb3 Rd8 24. h3 {1/2-1/2 Bologan,V (2692)-Le Quang Liem (2647)/Moscow RUS 2010/
The Week in Chess 796}) 10... Qa5+ 11. Qxa5 Nxa5 12. O-O dxc4 13. Nxf5 $146 {
A novelty. I suppose it was a fruit of home preparation. White is trying to
play as concretely as possible in order to exploit of Black's vulnerable king,
which is temporarily stuck in the centre. The previously played 13.Nxc4 didn't
bring White any real dividends.} (13. Nxc4 Nxc4 14. Bxc4 Be4 {the bishop is
going to d5, which will secure Black's position from any danger.} 15. Rac1 Bd5
16. Be2 Rc8 17. Rxc8+ Nxc8 18. Rc1 Ne7 19. b4 Ng6 20. b5 Ba3 21. Rc3 Bb4 22.
Rc8+ Kd7 23. Rxh8 Nxh8 24. bxa6 bxa6 25. Bxa6 {1/2-1/2 Alekseev,E (2616)
-Bareev,E (2711)/Sochi 2004/CBM 101}) 13... Nxf5 {The play is now becoming
forced for a while.} 14. Bb6 Bxa3 15. bxa3 Nc6 16. f4 g5 $1 {Black must
undermine White's pawn chain. Otherwise, White will have a stable advantage
since his bishops are superior to Black's knights.} (16... Rc8 $6 17. Rac1 (17.
Bxc4 $2 Nxe5 $15) 17... Nce7 18. Bxc4 O-O 19. Bb3 $14) 17. Bxc4 gxf4 18. Rae1 (
18. Rxf4 $6 Nxe5 19. Bd5 $5 {is an amusing idea, but doesn't really work in
view of} Nd6 $1 20. Bc7 Kd7 21. Bxd6 Kxd6 22. Bxb7 Ra7 $15 {Black is
practically a pawn up.}) {[%tqu "En","What is the best move for Black?","","",
"f5e3","Forcing the elimination of one of the bishops.",10]} 18... Ne3 $1 {
Forcing the elimination of one of the bishops.} 19. Rxf4 (19. Bxe3 fxe3 20.
Rxe3 Rd8 $11) 19... Nxc4 20. Rxc4 {The position is approximately balanced.
White doesn't really have enough resources to harass the enemy's king, and has
to be careful not to get slowly outplayed. If he allowed his opponent to swap
rooks, he would be lost due to his numerous pawn weaknesses.} Rg8 21. Bc7 {
The bishop is going to a dominating d6 square, but also the black knight will
be excellent on d5...} (21. Bc5 {would prevent the knight from being
transferred to d5, but then the rook comes out.} Rd8 22. Bd6 f6 23. Rf4 fxe5
24. Bxe5 Nxe5 25. Rxe5 $11) 21... Ne7 22. Bd6 Nd5 {[%csl Gd5]} 23. Rh4 Rg7 24.
Rc1 Kd7 25. g3 Rh8 $1 {Prepaing the expansion on the kingside.} 26. a4 a5 27.
Rhc4 h5 28. Rc5 {Provoking b7-b6 in order to get access to the c6-square.} b6
29. Rc6 h4 30. Ba3 {[%cal Gc6d6]} Rd8 31. Kf2 $2 {This loses, but it wasn't
easy at all for Leko to find a series of only moves to keep the balance.} (31.
R1c4 $1 hxg3 32. h4 $1 g2 33. Bc1 $1 Rg3 34. Bg5 Rb8 35. Rc2 Rf3 36. Rd6+ Ke8
37. Rxg2 Rf5 38. h5 Rxe5 39. h6 f6 40. Bc1 $1 Re1+ (40... Ke7 $6 41. Ba3 {
is the point of 40.Bc1.}) 41. Kh2 Rxc1 42. Rg8+ Ke7 43. Rxb8 Kxd6 44. h7 Rc2+
45. Kg3 Rc3+ 46. Kh2 Rc2+ $11) 31... hxg3+ 32. hxg3 Rg4 33. Rd6+ (33. R1c4 Rxc4
34. Rxc4 Rh8 35. Kg1 Rc8 36. Rxc8 Kxc8 {would lead to a hopeless endgame for
White, as all his pawns are weak.}) 33... Ke8 34. Rh1 Rxd6 35. Bxd6 Rxa4 36. a3
Nc3 37. Rh4 f5 (37... Rxh4 38. gxh4 f5 {An engine shows this as completely
winning for Black. However, for a human player it doesn't seem logical to give
White a passed pawn.}) 38. Rh8+ Kf7 39. Rf8+ Kg7 40. Re8 Ne4+ 41. Ke1 Ng5 {
The final phase of the game was played very convincingly by Le Quang Liem.} 42.
Rb8 Rg4 43. Rxb6 Rxg3 44. Ra6 f4 45. Rxa5 Rg1+ 46. Kf2 Nh3+ 47. Kf3 Rg3+ 48.
Ke4 f3 {This pawn will cost White a piece.} 49. Bc5 f2 50. Bxf2 Nxf2+ 51. Kd4
Kg6 52. Ra8 Rd3+ 53. Kc4 Rd5 54. Rg8+ Kf7 55. Rg3 Ne4 56. Rh3 Nc5 57. Kb5 Nd7+
58. Ka6 Nxe5 59. a4 Nc4 {[%mdl 4096]} 0-1

[Event "Tbilisi FIDE GP"]
[Site "Tbilisi"]
[Date "2015.02.23"]
[Round "8"]
[White "Svidler, Peter"]
[Black "Jobava, Baadur"]
[Result "0-1"]
[WhiteElo "2739"]
[BlackElo "2696"]
[Annotator "Mikhalchishin,A"]
[PlyCount "62"]
[EventDate "2015.02.15"]
[EventType "tourn"]
[EventRounds "11"]
[EventCountry "GEO"]
[EventCategory "20"]
[SourceTitle "CBM 165"]
[Source "ChessBase"]
[SourceDate "2015.03.11"]
[SourceVersion "1"]
[SourceVersionDate "2015.03.11"]
[SourceQuality "1"]

1. e4 c6 2. d4 d5 3. e5 Bf5 4. Nf3 e6 5. Be2 Nd7 6. O-O f6 {A very risky
approach, but other moves do not guarantee equality.} (6... Bg6 7. Nbd2 Nh6 8.
Nb3 Nf5 9. a4 Rc8 10. a5 {A new move, though it is unclear if it is one that
will be repeated often.} Bh5 (10... h5 {was played in Caruana-Tomashevsky from
the 2013 Grand Prix in Paris. The Italian won a fantastic game there.}) 11. h3
Bxf3 12. Bxf3 g6 13. Re1 h5 14. Qd3 Bh6 15. Bxh6 Rxh6 16. c4 dxc4 (16... Kf8
17. cxd5 cxd5 18. Rac1 {was not to Jobava's liking; it does seem that giving
up the c-file and allowing Qb5 is dangerous.}) 17. Qxc4 Kf8 18. Rac1 {
Grischuk-Jobava, Tbilisi 2015, White keeps a big space advantage.}) 7. c4 ({
A very logical way was} 7. Bd3 $5) (7. Bf4 Ne7 8. Re1 Ng6 9. Bg3 fxe5 10. dxe5
Bb4 11. c3 Ba5 12. Nd4 O-O 13. Bg4 Qe7 14. Nd2 Bb6 15. N2b3 Rae8 16. Bxf5 exf5
17. f4 {Matsenko,S (2429)-Dobrov,V (2510)/Budva 2009, with a slightly better
position.}) 7... fxe5 (7... Ne7 8. exf6 Nxf6 9. Nh4 Qd7 10. Nc3 O-O-O 11. c5
Qc7 12. Qa4 Qb8 13. g3 Kd7 14. Bf4 Qa8 15. Rfe1 {Teran Alvarez,I (2413)
-Campora,D (2530)/Ayamonte 2006. The black king is in big danger.}) 8. dxe5 Bc5
9. Nc3 a6 ({Possibly there was simple development...} 9... Ne7 10. Na4 O-O 11.
Nxc5 Nxc5 12. Nd4 Qc7 13. Be3 b6 14. g4 Bg6 15. b4 Ne4 16. Nxe6 Qxe5 17. Nxf8
Rxf8 18. Bd4 Qf4 19. Rc1 Ng5 20. Be3 Be4 {0-1 Popov,V (2548)-Kukhmazov,A (2239)
/St Petersburg 2013}) 10. cxd5 cxd5 11. Be3 $5 {A very central approach.} (11.
Ng5 {was not bad:} Qe7 12. Bf4) 11... Bxe3 12. fxe3 Ne7 13. Qb3 (13. Nd4 {
was not especially promising:} O-O 14. Rc1 Nxe5 15. g4 Bg6 16. Rxf8+ Qxf8 17.
Nxe6 Qf6 18. Nf4 Rd8) 13... Qb8 $1 14. Qa3 {Svidler has to sacrifice a central
pawn and game starts to be entertaining.} Nxe5 15. Nd4 N5c6 16. Nxf5 $2 ({
The active approach} 16. g4 $5 {would be much stronger:} Nxd4 17. exd4 Bg6 18.
Na4 {and Black has problems castling.}) 16... exf5 17. Bf3 Qe5 18. Qc5 ({
White had to start fighting for the draw from this moment on.} 18. Rad1 Qxe3+
19. Kh1 O-O 20. Rde1 Qg5 21. Nxd5 Nxd5 22. Bxd5+ Kh8 23. Bxc6 bxc6 24. Re6)
18... O-O-O {This looks very risky, but for Jobava it is nothing.} 19. Rfd1 Kb8
20. b4 $6 ({Maybe it was useful to double rooks against the d-pawn:} 20. Rd2)
20... Rd6 $1 {Very technical play with the rooks is demonstrated here by
Jobava.} 21. b5 Rc8 $1 {This is the point. The knight on c6 is untouchable and
taking on a6 does not work either.} 22. Rac1 (22. bxc6 Rdxc6 23. Qd4 Qxd4 24.
Rxd4 Rxc3 $19) (22. bxa6 Nd8 $19 {Sometimes backward moves are very important,
even decisive!}) 22... Na7 23. Qa3 axb5 24. Ne2 Rxc1 25. Rxc1 Nac6 {Black
simply returns his knight back into the centre and White's position is close
to resignable.} 26. Qc5 g5 $1 27. h3 b4 28. a3 Re6 29. Kf2 d4 $1 {This leads
to decisive exchanges.} 30. exd4 Qxc5 ({This is simple, but a more
combinational way was possible here too:} 30... Qe3+ 31. Kg3 g4 32. d5 gxf3 33.
dxe6 Qxc5 34. Rxc5 fxe2) 31. dxc5 Ne5 $1 {And White resigned, as other
material losses are threatening.} 0-1

[Event "Olympiad-38"]
[Site "Dresden"]
[Date "2008.11.20"]
[Round "7"]
[White "Naiditsch, Arkadij"]
[Black "Nisipeanu, Liviu Dieter"]
[Result "0-1"]
[WhiteElo "2678"]
[BlackElo "2684"]
[Annotator "Nisipeanu,LD"]
[PlyCount "102"]
[EventDate "2008.11.13"]
[EventType "team-swiss"]
[EventRounds "11"]
[EventCountry "GER"]
[SourceTitle "CBM 128"]
[Source "ChessBase"]
[SourceDate "2009.01.28"]
[SourceVersion "1"]
[SourceVersionDate "2009.01.28"]
[SourceQuality "1"]
[WhiteTeam "Germany"]
[BlackTeam "Romania"]
[WhiteTeamCountry "GER"]
[BlackTeamCountry "ROU"]

1. e4 c6 2. d4 d5 3. e5 {A small surprise, since Arkadij usually plays the
classical 3.Nc3. Still, I had prepared for 3.e5 as well, but only in
connection with the very sharp 4.Nc3.} Bf5 4. Nd2 {Now this is the real
surprise. My experiences against this move had not been very pleaseant and
this was probably the main reason for my opponent's choice.} e6 5. Nb3 Nd7 ({
I think that} 5... c5 6. Nxc5 Bxc5 7. dxc5 Qa5+ 8. c3 Qxc5 9. Nf3 {is a line
where there are only two possible results...}) 6. Nf3 Ne7 7. Be2 Nc8 {My
attention was drawn towards this move by the game Galkin-Ivanchuk at the World
Cup 2007. For the moment Black delays his main idea ...c5 and tries to develop
the kingside first.} 8. a4 {I am not sure about this move, but since Arkadij
played it quite quickly it was probably part of his preparation.} (8. O-O Be7
9. Ne1 c5 $1 {is quite unclear}) 8... Be7 9. a5 a6 $1 {Otherwise, after 10.a6
the knight on c8 would be embarrassed.} 10. Be3 Na7 {I was reluctant to castle
before White did, in order not to be subjected to a direct attack.} 11. O-O O-O
12. c4 ({During the game I was slightly worried about the future of my a7
knight after} 12. Nc5 Nxc5 13. dxc5 {but Black seems to be fine if he keeps e5
under pressure with} Qc7 14. Bd3 Be4 $13) 12... dxc4 13. Bxc4 Nb5 14. Ne1 $6 ({
During the game I thought that} 14. Bd3 {was the critical move, since after
the bishop exchange Black has problems with lack of space and especially with
the d7 knight. Therefore best for Black might be} Bg4 15. h3 Bh5 {trying to
break with ...c5 or f6 afterwards.}) 14... c5 $1 {After this break, it is
White who has to think about equalizing.} 15. Nxc5 $6 ({The curious} 15. Nf3 $1
{seems to hold the balance, for example:} cxd4 (15... Bg4 $6 16. Nxc5 Bxc5 17.
Bxb5 axb5 18. dxc5 {is worse for Black.}) 16. Nbxd4 Nxd4 17. Qxd4 Nc5 ({
worse is} 17... Nb8 18. Rfd1 Nc6 (18... Qxd4 19. Nxd4 Be4 20. f3 Bg6 21. Kf2
$14) 19. Qf4 Qe8 20. Bb6 $14) 18. Qc3 Ne4 19. Qb3 Nc5 $11 {because} (19... Rc8
$5 20. Rfd1 Qc7 21. Rac1 Rfd8 $13) 20. Bxc5 Bxc5 21. Qxb7 Rb8 22. Qc6 Qe7 23.
Bxa6 Rxb2 {is dangerous for White.}) 15... Bxc5 16. dxc5 Nxe5 $15 {Now it is
clear that Black has taken the initiative.} 17. Be2 Qxd1 $1 {During the game,
I was not sure about this move, but now I think that this endgame gives Black
the best winning chances.} ({After the natural} 17... Qf6 18. Qb3 Rfd8 {
White has the strong} 19. Ra4 {with an unclear position.}) 18. Rxd1 Rfd8 19.
Nf3 $6 {This natural move seems to cause more trouble for White, but the
refutation of it is not easy to spot.} (19. Rxd8+ $142 Rxd8 20. Nf3 Nc6 (20...
Bd3 $2 21. Rd1 Rd5 22. Nxe5 Bxe2 23. Rxd5 exd5 24. c6 $14) 21. Ra1 $15) 19...
Bd3 $1 20. Nxe5 Bxe2 21. Rxd8+ Rxd8 22. Re1 Na7 $1 $17 {This move insures that
White will suffer heavily for the rest of the game.} ({White was hoping for} 
22... f6 $6 23. c6 $1 bxc6 (23... fxe5 $2 24. Bb6 {is even worse for Black.})
24. Nxc6 $11) 23. f3 Bb5 24. Bf2 Rd2 25. b4 Nc6 $6 ({Strangely, I was close to
blundering with} 25... f6 $2 26. c6 $1 Nxc6 27. Nxc6 Bxc6 28. Rxe6 {after
which things are almost equal.}) ({I think that the best was} 25... Nc8 26. Be3
Rd5 {with the idea Ne7 followed by f6 with a big, probably decisive advantage
for Black.}) 26. Nxc6 Bxc6 27. Re3 {It is funny that engines evaluate this
position as almost equal. There is some work ahead, still.} Rb2 $17 28. Be1 Bd5
29. h4 f6 30. Kh2 Kf7 31. Rd3 h5 {I hesitated a long time before playing this
move. Black has to decide how he wants to break the white structure on the
kingside. There are two possibilities: play h6-g5-g4 or e5-e4. I chose the
second plan, if only because it exchanges only one pawn.} 32. Kg3 Ke7 {Before
actually going for the main idea, it makes sense to confront the opponnent
with some 'fake' threats, like the king march to the queenside.} 33. Bc3 Rc2
34. Bd2 Bc6 35. Kf2 Rc4 $1 36. g3 $6 {Once the second weakness on f3 appeared,
White must use his rook only for defensive purposes and Black can proceed to
his main idea. With the pawn still on g2 White could activate his rook via
d8-c8-c7 if the black king goes to f5.} (36. Kg3 $142) 36... Rc2 37. Ke3 Rb2
38. Bc3 Rb1 39. Kf2 Kf7 40. Re3 Rc1 41. Bd2 Rc2 42. Rd3 Rb2 43. Ke3 Kg6 ({
I could have won a pawn by} 43... Bb5 44. Rc3 Rxb4 45. c6 bxc6 46. Rxc6 {
but in return White would have activated his pieces.}) 44. g4 {White cannot
allow the king to f5, but this move also has its drawbacks.} Rb1 45. Kf2 Rh1 $1
46. Kg3 Rf1 $19 {Here I was sure that Black is winning.} 47. Re3 (47. Kg2 $2
Rxf3 48. gxh5+ Kxh5 49. Rxf3 Kg4 $19) ({More stubborn was} 47. g5 Kf5 48. gxf6
gxf6 49. Re3 Rd1 (49... e5 50. Be1 Bd5 {is also enough}) 50. Be1 e5 51. Bc3 Bb5
$1 52. Kf2 Rc1 53. Kg3 Rc2 54. Be1 Bf1 55. Bf2 Rb2 $19 {and the pawns start to
fall.}) 47... e5 48. Rd3 e4 $1 {Finally!} 49. fxe4 Bxe4 $1 ({It was not to
late to spoil things with the careless} 49... Rg1+ $2 50. Kf2 Rxg4 51. Rg3 Bxe4
52. Rxg4+ hxg4 53. Kg3 $11) 50. gxh5+ Kxh5 51. Rd7 f5 $1 {White has no defence
against ...f4 and therefore he resigned.} 0-1

[Event "Bucharest Kings 6th"]
[Site "Bucharest"]
[Date "2012.11.08"]
[Round "2"]
[White "Caruana, Fabiano"]
[Black "Nisipeanu, Liviu Dieter"]
[Result "1/2-1/2"]
[WhiteElo "2786"]
[BlackElo "2668"]
[Annotator "Postny,E"]
[PlyCount "72"]
[EventDate "2012.11.07"]
[EventType "tourn"]
[EventRounds "6"]
[EventCountry "ROU"]
[EventCategory "20"]
[SourceTitle "CBM 152"]
[Source "ChessBase"]
[SourceDate "2013.01.15"]
[SourceVersion "1"]
[SourceVersionDate "2013.01.15"]
[SourceQuality "1"]

1. e4 c6 2. d4 d5 3. e5 Bf5 4. Nf3 e6 5. Be2 c5 {This line continues to be
very topical.} 6. Be3 cxd4 ({There are fewer andfewer players going for the
brave} 6... Qb6) 7. Nxd4 Ne7 8. Nd2 (8. O-O Nbc6 9. Bb5 {is an alternative way
to fight for an advantage.}) 8... Nbc6 9. N2f3 Be4 (9... Bg4 10. O-O Bxf3 11.
Nxf3 Qc7 {is another actual line constantly defended by Viktor Laznicka. Here
is an example from the recent Olympiad:} 12. c4 dxc4 13. Bxc4 Nf5 14. Bf4 Be7
15. Rc1 O-O 16. Qe2 Rfd8 17. Bd3 Nfd4 18. Nxd4 Rxd4 19. Be3 Rd7 20. f4 Rad8 21.
Be4 Qa5 22. Bxc6 bxc6 $11 {1/2-1/2 Nakamura,H (2778)-Laznicka,V (2683)/
Istanbul 2012/CB36_2012 (30)}) 10. O-O a6 (10... Bxf3 11. Nxf3 Qc7 {may
transpose to the "Laznicka" line.}) 11. c3 Qd7 $146 {I suppose this is the
fruit of home preparation. In general Black wants to move his kingside knight
to f5, then bishop to e7 and castle. If he plays 11...Nf5 immediately, then 12.
Nxc6 bxc6 13.Qa4 may be trouwith a piece. For that purpose either the move in
the text, or the previously played 11...Rc8 suit well.} (11... Rc8 12. Bf4 ({
It is worth checking in practice the piece sacrifice:} 12. Ng5 Bg6 13. Ngxe6 $5
fxe6 14. Nxe6 Qd7 15. Nc5 Qc7 16. Bg4 Nf5 17. Qxd5 {Though White, probably,
doesn't have more than equality here.}) (12. Re1 Qd7 {could transpose to our
game Caruana-Nisipeanu.}) 12... h6 13. Bg3 Nf5 14. Nxf5 Bxf5 15. Nd4 {1/2-1/2
Salgado Lopez,I (2627)-Nisipeanu,L (2648)/Mamaia 2012/CB39_2012}) 12. Re1 {
This plan is a bit too slow and allows Black to complete the development
without any concessions.} (12. Bd3 {might be an improvement for White.} Bxd3
13. Qxd3 Ng6 (13... Nxd4 14. Nxd4 Ng6 15. f4 Bc5 16. f5 Nxe5 17. fxe6 fxe6 18.
Qe2 Nf7 19. Rae1 e5 20. Nf5 Bxe3+ 21. Qxe3 O-O 22. Qg3 g6 23. Ne3 $44 {[%cal
Ge3g4]}) 14. Nxc6 Qxc6 15. h4 h5 16. Qe2 $14 {In future the Ph5 will be a
target.}) 12... Rc8 13. Bf1 h6 {Another useful move, covering the g5-square.
If necessary, Black's light-squared bishop may retreat to h7.} (13... Nxd4 14.
Nxd4 Nf5 {also looks pretty equal.}) 14. h4 Nxd4 15. Nxd4 Nf5 {In general,
exchanges favour Black in this type of position as he has a little less space.}
16. Nxf5 Bxf5 17. a4 {Trying to seize space on both flanks.} Be7 18. h5 O-O {
Black has equalised.} 19. Bd4 Bc5 20. a5 Qe7 21. Ra4 Bxd4 22. Qxd4 (22. Rxd4 $6
Rc5 {[%csl Ra5]}) 22... Rc5 23. Re3 Rfc8 24. b4 Rc4 $5 {An interesting
exchange sacrifice, although it wasn't necessary at all.} ({After} 24... R5c7 {
I don't see any problems for Black. He can't really improve his position, but
neither can White. The position is just equal.}) 25. Bxc4 Rxc4 26. Qd1 Bg4 $6 (
26... Qh4 $1 {This move prevents b4-b5 followed by the exchange of rooks shich
is favourable for White.} 27. Ra2 (27. g3 Qh3 28. b5 Bg4 29. Qb3 Rxa4 30. Qxa4
Qxh5 31. bxa6 bxa6 32. Qf4 g5 33. Qf6 Bf5 34. Qd8+ Kh7 35. Qf6 $11) 27... Qg5
28. Rg3 Bg4 29. Qe1 Re4 30. Qd2 Qxe5 31. Re3 Bxh5 $11) 27. Qb3 Re4 $2 {
Creatively played but, doesn't work.} (27... Bxh5 $6 28. b5 axb5 29. Qxb5 $16)
(27... Qd7 $1 {was still playable for Black.} 28. b5 axb5 29. Rb4 Rxb4 30. cxb4
({Also inhe event of} 30. Qxb4 Bxh5 31. Qc5 Bg6 {Black should hold.}) 30... d4
31. Re4 Bf5 32. Re1 d3 {[%csl Gd3] The strong passed pawn guaranties him
sufficient counterplay.}) 28. Rxe4 dxe4 29. Qc4 Bf3 {I suppose, Nisipeanu was
counting on this idea, but it has a flaw.} 30. gxf3 Qg5+ 31. Kf1 Qc1+ 32. Ke2
Qc2+ 33. Ke3 Qc1+ 34. Kxe4 $4 {Now White falls into perpetual check.} ({
The king should go on the queenside towards the Pb7:} 34. Kd4 $1 Qd1+ 35. Kc5
Qxa4 36. Kb6 $18) 34... Qe1+ 35. Kf4 Qc1+ 36. Ke4 (36. Kg3 Qg1+ $11) 36... Qe1+
(36... Qe1+ 37. Kd4 Qxf2+ 38. Kd3 Qf1+ $11) 1/2-1/2